Skip to content
VuFind
Login
All Fields
Title
Author
Subject
Call Number
ISBN/ISSN
Tag
Find
Advanced
Parliamentry debates: (Hansard...
Cite this
Text this
Email this
Print
Export Record
Export to RefWorks
Export to EndNoteWeb
Export to EndNote
Export to MARC
Export to BibTeX
Export to RIS
Save to List
Permanent link
Parliamentry debates: (Hansard) offical report 1979.: Vol.7 no7 (part i)
Saved in:
Bibliographic Details
Main Author:
Sri Lanka . Parliament
Format:
Book
Published:
1979
Tags:
Add Tag
No Tags, Be the first to tag this record!
Holdings
Description
Comments
Similar Items
Staff View
MARC
LEADER
00000nam a2200000 a 4500
082
|a
328.502
100
|a
Sri Lanka . Parliament
245
|a
Parliamentry debates: (Hansard) offical report 1979.: Vol.7 no7 (part i)
260
|c
1979
300
|a
1408 - 1525p. 22cm.
942
|c
AFW
999
|c
155107
|d
155107
Similar Items
Parliamentry debates(Hansard):1st October 1957
Published: (1958)
Parliamentary debates (Hansard) 1991: offical report: fourth session
by: Sri Lanka . Parliament
Published: (1991)
Parliamentary debates (Hansard) 1993: officical report: Vol 90 Nos. 1 - 8.
by: Sri Lanka . Parliament
Published: (1993)
Parliamentary debates (Hansard) 1992: offical report: fourth session: Vol nos 1-3
by: Sri Lanka . Parliament
Published: (1992)
Parliamentary debates (Hansard) 1990 : Offical report
Published: (1990)